00709nam a2200229Ia 450000100030000000300090000300500170001200800410002902000160007004000280008604100080011408200210012210000210014324500470016426000370021130000180024865000190026670000200028594200120030599900150031795201470033297DO-SdBJH20180120165238.0180110s9999 dr 000 0 spa d a84-81302066 aDO-SdBJHbspacDO-SdBJH bspa a823.4 G619s 20001 aGolding, William10aEl señor de las moscas / William Golding aBarcelona : Mediasat Group, 2000 a198 páginas4 aNovela inglesa1 aVergara, Carmen 2ddccBK c1984d1984 00102ddc40708CGaBJPSbBJPScGENd2018-01-18i17-EARD-00156l0o823.4 G619s 2000p17-EARD-00156r2018-01-20 00:00:00tEj.1w2018-01-18yBK